Biblioteca

Consejos para jóvenes ministros (Registro nro. 66575)

Detalles MARC
000 -LÍDER
Campo fijo de descripción fija 01799nam a2200313 i 4500
001 - NÚMERO DE CONTROL
Campo de control 768714001
003 - IDENTIFICADOR DEL NÚMERO DE CONTROL
Campo de control CO-MdFUSB
005 - FECHA Y HORA DE LA ULTIMA TRANSACCIÓN
control field 20220325100051.0
007 - CAMPO FIJO DE DESCRIPCIÓN FIJA--INFORMACIÓN GENERAL
Campo fijo de descripción fija ta
008 - ELEMENTOS DE LONGITUD FIJA -- INFORMACIÓN GENERAL
Campo fijo de descripción fija -- Información general 200730t2005 ec a|||| |||| 00| 0 spa d
020 ## - NÚMERO INTERNACIONAL NORMALIZADO PARA LIBROS
Información adicional [No incluye ISBN]
040 ## - FUENTE DE CATALOGACIÓN
Agencia de catalogación original CO-MdFUSB
Idioma de catalogación spa
Agencia que realiza la transcripción CO-MdFUSB
Agencia que realiza la modificación CO-MdFUSBC
Convenciones de la descripción rda
041 ## - CÓDIGO DE IDIOMA
Código de idioma para texto/pista de sonido o título separado spa
082 ## - NÚMERO DE CLASIFICACIÓN DECIMAL DEWEY
Número de la edición del Dewey 23
Número de clasificación 253.5
Clave de autor-Numero de item L456
100 ## - ASIENTO PRINCIPAL--NOMBRE PERSONAL
Nombre personal Lecaro Tobar, Miguel
Término relacionador autor
245 ## - TÍTULO
Título del Material Consejos para jóvenes ministros
Mención de responsabilidad, etc. / Miguel Lecaro Tobar
264 #1 - PRODUCCIÓN, PUBLICACIÓN, DISTRIBUCIÓN, MANUFACTURA, Y COPYRIGHT
Lugar de producción, publicación, distribución, manufactura Guayaquil, Ecuador :
Nombre del productor, publicador, distribuidor [Editor no identificado],
Fecha de producción, publicación, distribución, manufactura, o copyright [2005]
264 #4 - PRODUCCIÓN, PUBLICACIÓN, DISTRIBUCIÓN, MANUFACTURA, Y COPYRIGHT
Fecha de producción, publicación, distribución, manufactura, o copyright © 2005
300 ## - DESCRIPCIÓN FÍSICA
Dimensiones ;
336 ## - TIPO DE CONTENIDO
Fuente rdacontent
Término de tipo de contenido texto
Código de tipo de contenido txt
337 ## - TIPO DE MEDIO
Fuente rdamedia
Nombre del tipo de medio sin mediación
Código del tipo de medio n
338 ## - TIPO DE SOPORTE
Fuente rdacarrier
Nombre del tipo de soporte volumen
Código Tipo de soporte nc
500 ## - NOTA GENERAL
Nota General Páginas rayadas
505 ## - NOTA DE CONTENIDO
Nota de contenido con formato preestablecido Apunte hacia la meta que desea ir -- Haga planes y proyectos subordinados a la voluntad de Dios -- No se deje dominar por ideas materialistas -- Escale la montaña poquito a poco -- Ten cuidado de ti mismo -- Dé mucha importancia a los detalles -- Cultive buenos hábitos -- Sea honrado y justo con usted mismo -- Huya de las disputas -- Tenga cuidado con el engaño del éxito -- Imite, pero no copie -- No dé noticias falsas de su persona, sea usted mismo -- No se deje llevar por las emociones -- Elija una compañera idónea -- No entre al lugar donde va a trabajar sirviendo al Señor "pateando la puesta" -- Procure ser siempre ejemplo de la grey -- Que sus mensajes no sean como "repartiendo estocadas" -- No pida de ningún miembro de su congregación, alguna cosa que usted no haga primero -- Procure estar siempre actualizado en todo -- Ame su trabajo y dé gracias al Señor todos los días por el privilegio de ser su siervo
650 #0 - ASIENTO SECUNDARIO DE MATERIA - TERMINO TEMÁTICO
9 (RLIN) 228
Término temático o nombre geográfico como elemento de entrada Consejería pastoral
650 #0 - ASIENTO SECUNDARIO DE MATERIA - TERMINO TEMÁTICO
9 (RLIN) 2014
Término temático o nombre geográfico como elemento de entrada Liderazgo
942 ## - TIPO DE MATERIAL (KOHA)
Tipo de Item KOHA Libros General
945 ## - INFORMACIÓN LOCAL DEL REGISTRO
Catalogador Dani
Existencias
Estado de Material Estado de Perdido Forma de Clasificación Estado de Dañado No para Préstamo Colección Biblioteca de Origen Biblioteca Permanente Fecha de Adquisición Área Total de Préstamos Signatura Topográfica Código de Barras Última vez visto Ejemplar/Existencia Fecha de Remplazo Tipo de Material
    Dewey Decimal Classification     Colección General Biblioteca FUSBC Biblioteca FUSBC 30/07/2020 VIDA CRISTIANA   G 253.5 L456c 10617 30/07/2020 Ej.1 30/07/2020 Libros General

Biblioteca FUSBC | Teléfono: (57+4) 349 88 10 Ext. 141| WhatsApp (+57) 3005338115 
E-mail: biblioteca@unisbc.edu.co | Calle 76 87-14 Robledo Palenque, Medellín, Colombia

Con tecnología Koha